01891 a2200181 45000010006000000050017000060080041000230030015000640400040000790800052001192450027001710200018001982500012002162640044002283000026002725051389002981000022016871600920260407155453.0260407a1986 arg spa dAR-UNSa-BCEJYS aAR-UNSa-BCEJYSbspacAR-UNSa-BCEJYS a342xDerecho constitucional (Derecho Público)10aDerecho constitucional a950-43-0551-2 a3a. ed. 1aBuenos Aires :bEdiciones Depalmac1986 axxxii, 829 p.c23 cm. a1. La Constitución - 2. Antecedentes de la Constitución Argentina - 3. Nombres de la Nación - 4. El Preámbulo - 5. Formas de estado y formas de gobierno - 6. Provincias y territorios - 7. La capital de la república - 8. Relaciones internacionales - 9. Relaciones de la Iglesia con el estado - 10. Supremacia de la constitución - 11. La nacionalidad - 12. Los extranjeros - 13. Derechos de las personas - 14. Derecho de las personas. La libertad - 15. Derechos de las personas. La igualdad - 16. Derechos civiles - 17. Los derechos sociales. Concepto - 18. Derechos de familia - 19. Derechos de la educación y la cultura - 20. Derechos de la profesión y de la seguridad social - 21. Derechos políticos - 22. Defensa de la Patria y la Constitución - 23. Garantía de derechos - 24. Restricción de derechos. Estado de sitio - 25. Organización económica. Principios fundamentales - 26. Organización económica. La propiedad - 27. Organización económica. Regulación estatal - 28. Organización económica. El estado empresario - 29. Organización económica. Régimen bancario y de la moneda - 30. División de poderes - 31. Poder Legislativo - 32. Juicio Político - 33. Formación de las Leyes - 34. Atribuciones del congreso - 35. Poder Ejecutivo. Organización - 36. Atribuciones del Poder Ejecutivo - 37. El ministerio - 38. Poder Judicial1 aRamella, Pablo A.